| Record ID | marc_records_scriblio_net/part03.dat:117429623:684 |
| Source | Scriblio |
| Download Link | /show-records/marc_records_scriblio_net/part03.dat:117429623:684?format=raw |
LEADER: 00684cam 22002171 4500
001 41020561
003 DLC
005 20050802180417.0
008 721102s1941 nyua 000 0 eng
010 $a 41020561
035 $a(OCoLC)484816
040 $aDLC$cOKentU$dOCoLC$dDLC
042 $apremarc
050 00 $aML410.M23$bW252
100 1 $aWalter, Bruno,$d1876-1962.
245 00 $aGustav Mahler,$ctranslated by James Galston. With a biographical essay by Ernst Krenek.
260 $aNew York,$bThe Greystone press$c[c1941]
300 $axi, 236 p.$billus.$c21 cm.
600 10 $aMahler, Gustav,$d1860-1911.
700 1 $aGalston, James Austin,$d1881-$etr.
700 1 $aKrenek, Ernst,$d1900-